Maths Methods 4 quiz - Statistics

General Stats
  • This quiz has been taken 56 times
  • The average score is 25 of 45
Answer Stats
Hint Answer % Correct
1+1 2
98%
1+2 3
98%
a a
82%
a+b a+b
82%
b b
82%
(a+b) a+b
80%
a-b a-b
78%
a * b ab
76%
c c
71%
d d
71%
1-1 0
69%
Is it chips or crisps? chips
67%
Is the word maths a noun yes
67%
sin(0) 0
64%
What is 1-1-1+1 0
64%
tan(0) 0
62%
0 * infinity 0
62%
Type the word hello hello
62%
Type the word goodbye goodbye
60%
Is the word bean a noun yes
60%
a^0 1
58%
e^0 1
58%
0+0 0
56%
how many f's are in the word differentiate 2
56%
Previous answer +2 5
56%
Are sin and cos the same? no
56%
Are cos and arccos the same? no
56%
Are cos and cos the same? yes
56%
Pi to zero decimal places 3
53%
Gradient of y=x 1
51%
Gradient of x=y 1
51%
previous answer squared 25
51%
previous answer - sin(0) 5
51%
a(b-c) ab-ac
49%
How many $ are in a year 365
33%
Gradient of y=1 0
31%
Area of a point 0
31%
differentiate the previous answer 0
31%
Who invented calculus Newton
29%
%+% 2%
24%
(ab)(ab) aabb
24%
Gradient of x=1 undefined
22%
Volume of a rectangle 0
13%
differentiate x=0 undefined
11%
differentiate y=0 y=0
9%
No matching quizzes found
Score Distribution
Percent of People with Each Score
Percentile by Number Answered
Your Score History
You have not taken this quiz